| 000 -ლიდერი |
| ფიქსირებული სიგრძის საკონტროლო ველი |
01804nam a2200265Ia 4500 |
| 001 - საკონტროლო ნომერი |
| საკონტროლო ველი |
16138 |
| 003 - საკონტროლო ნომრის იდენტიფიკატორი |
| საკონტროლო ველი |
GE_BSU |
| 005 - ბოლო ოპერაციის თარიღი და დრო |
| საკონტროლო ველი |
20220617130226.0 |
| 008 - ფიქსირებული სიგრძის მონაცემთა ელემენტები - ზოგადი ინფორმაცია |
| ფიქსირებული სიგრძის საკონტროლო ველი |
181216s2015ge xx |||||||||||||| ||geo|| |
| 040 ## - კატალოგიზაციის წყარო |
| Transcribing agency |
GE_BSU |
| 041 ## - ენის კოდი |
| Language code of text/sound track or separate title |
geo |
| 080 ## - უნივერსალური ათობითი კლასიფიკაციის ინდექსი |
| Universal Decimal Classification number |
325.1 თ-77 |
| 100 ## - მთავარი ჩანაწერი - პიროვნების სახელი |
| Personal name |
თოფჩიშვილი,როლანდ |
| 9 (RLIN) |
14135 |
| 245 ## - ცნობა სათაურის შესახებ |
| Title |
ხალხთა მიგრაციები : |
| Remainder of title |
სახელმძღვანელო ჰუმანიტარულ მეცნიერებათა ფაკუკტეტის სტუდენტებისათვის / |
| Statement of responsibility, etc |
როლანდ თოფჩიშვილი, რედ: ნუგზარ მგელაძე, თამაზ ფუტკარაძე, ბეჟან ხორავა |
| 264 ## - წარმოების, გამოცემის, დისტრიბუციის და სხვა ცნობები |
| გამოცემის, წარმოების, დისტრიბუციის... ადგილი |
თბილისი : |
| გამოცემის, წარმოების, დისტრიბუციის... სახელწოდება |
უნივერსალი, |
| გამოცემის, წარმოების, დისტრიბუციის... თარიღი |
2015. |
| 300 ## - ფიზიკური აღწერა |
| Extent |
299 გვ.: |
| Dimensions |
20სმ. |
| 653 ## - INDEX TERM--UNCONTROLLED |
| Uncontrolled term |
მიგრაცია |
| 653 ## - INDEX TERM--UNCONTROLLED |
| Uncontrolled term |
მოსახლეობის მიგრაცია |
| 653 ## - INDEX TERM--UNCONTROLLED |
| Uncontrolled term |
ლექციების კურსი |
| 700 ## - ADDED ENTRY--PERSONAL NAME |
| Personal name |
მგელაძე, ნუგზარ |
| Relator term |
რედაქტორი |
| 9 (RLIN) |
14136 |
| 700 ## - ADDED ENTRY--PERSONAL NAME |
| Personal name |
ფუტკარაძე, თამაზ |
| Relator term |
რედაქტორი |
| 9 (RLIN) |
14137 |
| 700 ## - ADDED ENTRY--PERSONAL NAME |
| Personal name |
ხორავა, ბეჟან |
| Relator term |
რედაქტორი |
| 9 (RLIN) |
14138 |
| 710 ## - ADDED ENTRY--CORPORATE NAME |
| Corporate name or jurisdiction name as entry element |
ივანე ჯავახიშვილის სახელობის თბილისის. სახელმწიფო უნივერსიტეტი, ეთნოლოგიის სასწავლო-სამეცნიერო ინსტიტუტი, საქართველოს სამეზობლო კვლევების ინსტიტუტი |
| 9 (RLIN) |
14139 |
| 942 ## - ADDED ENTRY ELEMENTS (KOHA) |
| Koha item type |
წიგნი |
| Source of classification or shelving scheme |
|